Самсон и Роберто (Запись № 1029760)

Подробности
000 -МАРКЕР
контрольное поле 01233nam0a2200301 4500
001 - ИДЕНТИФИКАТОР ЗАПИСИ
контрольное поле RU\NLR\bibl\1089044
005 - ИДЕНТИФИКАТОР ВЕРСИИ
контрольное поле 20260405115006.0
010 ## - МЕЖДУНАРОДНЫЙ СТАНДАРТНЫЙ НОМЕР КНИГИ (ISBN)
Номер (ISBN) 978-5-91181-254-6
Тираж 7000
021 ## - НОМЕР ГОСУДАРСТВЕННОЙ РЕГИСТРАЦИИ
Код страны Российская Федерация
Номер 2007-25364
Номер Листа государственной регистраци 1343
021 ## - НОМЕР ГОСУДАРСТВЕННОЙ РЕГИСТРАЦИИ
Код страны Российская Федерация
Номер 2010-62785
Номер Листа государственной регистраци 4118
035 ## - ДРУГИЕ СИСТЕМНЫЕ НОМЕРА
Идентификатор записи (NLR Aleph) 001076196
100 ## - ДАННЫЕ ОБЩЕЙ ОБРАБОТКИ
Данные общей обработки 20070521d2007 |||y0rusy50 ca
101 1# - ЯЗЫК РЕСУРСА
Язык текста, звукозаписи и т.д. русский
Язык оригинала норвежский
102 ## - СТРАНА ПУБЛИКАЦИИ ИЛИ ПРОИЗВОДСТВА
Страна публикации Российская Федерация
105 ## - ПОЛЕ КОДИРОВАННЫХ ДАННЫХ: ТЕКСТОВЫЕ МАТЕРИАЛЫ, МОНОГРАФИЧЕСКИЕ
Кодированные данные о монографическом текстовом документе a |||||||||
200 1# - ЗАГЛАВИЕ И СВЕДЕНИЯ ОБ ОТВЕТСТВЕННОСТИ
Основное заглавие Самсон и Роберто
Наименование части Неожиданное наследство
Сведения, относящиеся к заглавию [повесть-сказка
-- для детей среднего школьного возраста]
Первые сведения об ответственности Ингвар Амбьернсен
Последующие сведения об ответственности [пер. с норв. Инны Стребловой
-- худож. Николай Воронцов]
210 ## - ПУБЛИКАЦИЯ, РАСПРОСТРАНЕНИЕ И ДР.
Место издания, распространения и т.д. Санкт-Петербург
Имя издателя, распространителя и т. д. Азбука-классика
Дата издания, распространения и т.д. 2007
215 ## - ФИЗИЧЕСКАЯ ХАРАКТЕРИСТИКА
Специфическое обозначение материала и объем 144, [29] с.
Другие сведения о физической характеристике цв. ил.
Размеры 21
225 1# - СЕРИЯ
Основное заглавие серии Очень прикольная книга
686 ## - ИНДЕКСЫ ДРУГИХ КЛАССИФИКАЦИЙ
Индекс Ш9(4Нр)62-4
700 #1 - ИМЯ ЛИЦА - ПЕРВИЧНАЯ ОТВЕТСТВЕННОСТЬ
Код отношения Автор
Графика поля Кириллица
Материалы, к которым относится поле rus
Начальный элемент ввода Амбьернсен
Часть имени, кроме начального элемента ввода И.
Даты 1956-
Расширение инициалов личного имени Ингвар
Системный номер авторитетной/нормативной записи 28393
Идентификатор авторитетной/нормативной записи RU\NLR\auth\7745455
801 #0 - ИСТОЧНИК ЗАПИСИ
Страна Российская Федерация
Организация NLR
Дата составления 20060731
Правила каталогизации rcr
801 #1 - ИСТОЧНИК ЗАПИСИ
Страна Российская Федерация
Организация NLR
Дата составления 20060731
942 ## - ДОПОЛНИТЕЛЬНЫЕ ЭЛЕМЕНТЫ ЗАПИСИ (АБИС)
Тип экземпляра АБИС Книга
980 ## - КОЛЛЕКЦИЯ
Название коллекции Национальная библиография
Экземпляры
Тип экземпляра Дата поступления Источник поступления Библиотека постоянного хранения Библиотека текущего хранения Место хранения Шифр хранения Штрих-код Статус экземпляра
Книга 21.05.2007 Обязательный экземпляр РНБ (Московский) РНБ (Московский) Русский книжный фонд: издания с 1957 года 2007-3/15553 2438878  
Книга 21.05.2007 Обязательный экземпляр РНБ (Московский) РНБ (Московский) Обменный фонд   2438880  
Книга 27.09.2010 Обязательный экземпляр РНБ (Московский) РНБ (Московский) Обменный фонд   3254495  
Книга 27.09.2010 Обязательный экземпляр РНБ (Садовая) РНБ (Садовая) Фонд Абонемента (Садовая) Аб Ш9/А-61 3254494